000 00809nam a2200217 i 4500
001 16419
003 ES-MaACL
005 20230906151321.0
007 t|
008 000918s1987 sp b ||||1| spa d
080 _a016:342.4(460)"1812"
080 _a016:328(460)"1808/1814"
110 1 _aEspaña.
_bCortes Generales.
_bSenado.
_bBiblioteca.
_93676
245 1 4 _aLas Cortes de Cádiz y la Constitución de 1812 :
_bcatálogo bibliográfico /
_c[catálogo elaborado por Rosario Herrero Gutiérrez ... et al.].
260 _aMadrid :
_bCortes Generales,
_c[1987]
300 _a53 p. :
_bil. ;
_c24 cm.
610 1 4 _aEspaña.
_bCortes de Cádiz-
_vBibliografías.
_9173851
610 1 _aEspaña.
_tConstitución, 1812.
_93652
700 1 _aHerrero Gutiérrez, Rosario.
_963318
852 4 _aES-MaACL
_jG-2157
999 _c16419
_d16419